Cálculo con geometría analítica
Na minha lista:
| Autor principal: | |
|---|---|
| Formato: | Livro |
| Idioma: | espanhol |
| Publicado em: |
Ciudad de México
Fondo Educativo Interamericano
1984
|
| Assuntos: | |
| Tags: |
Adicionar Tag
Sem tags, seja o primeiro a adicionar uma tag!
|
MARC
| LEADER | 00000nam a2200000 a 4500 | ||
|---|---|---|---|
| 001 | UCY1104 | ||
| 003 | CL-VaPUC | ||
| 008 | 940820e19840000MX |||||||||||||||||spa|d | ||
| 082 | 0 | 4 | |a 515.15 |b FRA |2 21 |
| 100 | 0 | |a Fraleigh, John B |e author |9 328996 | |
| 245 | 1 | 0 | |a Cálculo con geometría analítica |
| 300 | |a 879 p | ||
| 942 | |c BK | ||
| 945 | |d 19940820 00:00:00 |a mfernand | ||
| 260 | |a Ciudad de México |b Fondo Educativo Interamericano |c 1984 | ||
| 650 | 0 | |a Cálculo |9 260234 | |
| 650 | 0 | |a Geometría analítica |9 260062 | |
| 583 | |a last modification |c 19940820 00:00:00 |k Rodrigo Vera | ||
| 999 | |c 229905 |d 229903 | ||
| 952 | |0 0 |1 0 |4 0 |6 515_150000000000000_FRA_1984 |7 0 |8 A |9 231621 |a BIBMAT |b BIBMAT |d 2019-11-15 |i 2951029 |o 515.15 FRA 1984 |p 2951029 |r 2025-01-07 |w 2019-11-15 |y BK |k MAT | ||
| 952 | |0 0 |1 0 |4 0 |6 515_150000000000000_FRA_1984 |7 0 |8 A |9 231623 |a BIBMAT |b BIBMAT |d 2019-11-15 |i 2951045 |o 515.15 FRA 1984 |p 2951045 |r 2025-01-07 |w 2019-11-15 |y BK |k MAT | ||
| 952 | |0 0 |1 0 |4 0 |6 515_150000000000000_FRA_1984 |7 0 |8 A |9 231625 |a BIBMAT |b BIBMAT |d 2019-11-15 |i 336173K |o 515.15 FRA 1984 |p 336173K |r 2025-01-07 |w 2019-11-15 |y BK |k MAT | ||